[Event "UKR-ch sf"]
[Site "Alushta"]
[Date "2011.05.06"]
[Round "4"]
[White "Shabala, Sergey"]
[Black "Voitovich, Vladislav"]
[Result "1-0"]
[WhiteElo "2362"]
[BlackElo "2096"]
[PlyCount "69"]
[EventDate "2011.05.03"]
[EventType "swiss"]
[EventRounds "9"]
[EventCountry "UKR"]
[SourceTitle "CBM 142 Extra"]
[Source "ChessBase"]
[SourceDate "2011.06.27"]
[SourceVersion "1"]
[SourceVersionDate "2011.06.27"]
[SourceQuality "1"]

1. e4 Nf6 2. e5 Nd5 3. Nc3 Nxc3 4. dxc3 d6 5. Nf3 Nc6 6. Bb5 Bd7 7. Qe2 Nxe5 8. Nxe5 dxe5 9. Qxe5 f6 10. Qh5+ g6 11. Qe2 e5 12. 0-0 Bd6 13. Bxd7+ Qxd7 14. Qf3 0-0-0 15. Qxf6 Rdf8 16. Qh4 h6 17. Be3 g5 18. Qe4 h5 19. Rad1 Qe6 20. c4 g4 21. c5 Be7 22. c6 Qxc6 23. Qxc6 bxc6 24. Bxa7 c5 25. Rd5 c6 26. Rxe5 Bd6 27. Rg5 Rfg8 28. Rxg8+ Rxg8 29. Rd1 Rd8 30. Kf1 Kc7 31. a3 Rd7 32. g3 Rd8 33. c3 c4 34. Be3 Rb8 35. Rxd6 1-0

[Event "UKR-ch sf"]
[Site "Alushta"]
[Date "2011.05.03"]
[Round "1"]
[White "Basko, Bogdan"]
[Black "Shabala, Sergey"]
[Result "0-1"]
[WhiteElo "1997"]
[BlackElo "2362"]
[PlyCount "50"]
[EventDate "2011.05.03"]
[EventType "swiss"]
[EventRounds "9"]
[EventCountry "UKR"]
[SourceTitle "CBM 142 Extra"]
[Source "ChessBase"]
[SourceDate "2011.06.27"]
[SourceVersion "1"]
[SourceVersionDate "2011.06.27"]
[SourceQuality "1"]

1. d4 Nf6 2. c4 e6 3. Nc3 Bb4 4. Nf3 0-0 5. e3 d5 6. Bd3 Nc6 7. 0-0 dxc4 8. Bxc4 a6 9. a3 Bd6 10. e4 e5 11. d5 Ne7 12. Ne1 c6 13. dxc6 Nxc6 14. Nc2 b5 15. Ba2 h6 16. h3 Nd4 17. Ne3 a5 18. Ned5 b4 19. Nxf6+ Qxf6 20. Nd5 Qg6 21. Kh2 Qxe4 22. Be3 Bb7 23. f3 Qg6 24. Kg1 Nc2 25. Rc1 Bxd5 0-1

[Event "UKR-ch sf"]
[Site "Alushta"]
[Date "2008.05.14"]
[Round "4"]
[White "Shabala, Sergey"]
[Black "Kurilenko, Vladimir"]
[Result "1-0"]
[WhiteElo "2296"]
[BlackElo "2113"]
[PlyCount "145"]
[EventDate "2008.05.10"]
[EventType "swiss"]
[EventRounds "9"]
[EventCountry "UKR"]
[SourceTitle "CBM 124 Extra"]
[Source "ChessBase"]
[SourceDate "2008.07.03"]
[SourceVersion "1"]
[SourceVersionDate "2008.07.03"]
[SourceQuality "1"]

1. e4 e5 2. Nf3 Nc6 3. Bb5 a6 4. Ba4 Nf6 5. 0-0 Be7 6. Re1 b5 7. Bb3 0-0 8. a4 b4 9. d3 d6 10. a5 Bg4 11. c3 bxc3 12. bxc3 d5 13. h3 Bxf3 14. Qxf3 d4 15. Bd5 Nxd5 16. exd5 Na7 17. c4 f6 18. Ba3 Bxa3 19. Nxa3 c6 20. dxc6 Qc7 21. Qd5+ Kh8 22. Reb1 Rfd8 23. Rb7 Rxd5 24. Rxc7 Rc5 25. Rb1 h6 26. Nc2 Rxc6 27. Rbb7 Rxc7 28. Rxc7 Nb5 29. cxb5 axb5 30. f4 Rxa5 31. fxe5 fxe5 32. Rc5 Ra2 33. Nb4 Rb2 34. Rxb5 e4 35. Rb8+ Kh7 36. Nc6 Rc2 37. Nxd4 Rc1+ 38. Kf2 exd3 39. Rb2 Rc4 40. Ke3 Rc3 41. Kd2 Ra3 42. Nb5 Ra8 43. Kxd3 Rb8 44. Kc4 h5 45. Ra2 Rb6 46. Nd4 g6 47. Nf3 Kh6 48. h4 Rf6 49. Ra7 Rf4+ 50. Kd3 Rg4 51. Ra2 Rg3 52. Ke3 Rg4 53. Kf2 Rf4 54. Rd2 Rf6 55. Rd4 Ra6 56. Rd5 Rb6 57. Rg5 Rb2+ 58. Kg3 Rb3 59. Kh2 Rb4 60. g3 Ra4 61. Ne5 Ra6 62. Kg2 Rf6 63. g4 Ra6 64. Rxg6+ Rxg6 65. Nxg6 Kxg6 66. g5 Kf5 67. Kf3 Ke5 68. Ke3 Kf5 69. Kd4 Ke6 70. Ke4 Kf7 71. Ke5 Kg7 72. Kf5 Kh7 73. Kf6 1-0

[Event "Kiev Independence Cup-A 7th"]
[Site "Kiev"]
[Date "2007.08.23"]
[Round "11"]
[White "Lutsko, Igor"]
[Black "Shabala, Sergey"]
[Result "1/2-1/2"]
[WhiteElo "2418"]
[BlackElo "2255"]
[PlyCount "117"]
[EventDate "2007.08.13"]
[EventType "swiss"]
[EventRounds "11"]
[EventCountry "UKR"]
[SourceTitle "CBM 119 Extra"]
[Source "ChessBase"]
[SourceDate "2007.09.04"]
[SourceVersion "1"]
[SourceVersionDate "2007.09.04"]
[SourceQuality "1"]

1. d4 Nf6 2. c4 c5 3. d5 b5 4. Nf3 g6 5. Qc2 d6 6. e4 Bg7 7. cxb5 a6 8. Nc3 0-0 9. Bd2 e6 10. dxe6 fxe6 11. e5 dxe5 12. Bg5 Bb7 13. Rd1 Qc7 14. Bxf6 Bxf6 15. a4 axb5 16. axb5 Nd7 17. Bc4 Rae8 18. Ne4 Nb6 19. 0-0 Nxc4 20. Qxc4 Bd5 21. Qxc5 Qb8 22. Nc3 e4 23. Nd2 Rc8 24. Qb4 Bxc3 25. bxc3 Qe5 26. Qd4 Qxd4 27. cxd4 Rc2 28. Rfe1 Rb2 29. h3 Rc8 30. Nxe4 Rcc2 31. Nf6+ Kg7 32. Nxd5 exd5 33. Re7+ Kf6 34. Rxh7 Rxf2 35. Rf1 Rxf1+ 36. Kxf1 Rxb5 37. Rd7 Ke6 38. Rg7 Kf6 39. Rh7 Rb1+ 40. Kf2 Rb2+ 41. Kg1 Rd2 42. Rh4 g5 43. Rg4 Kf5 44. Kf1 Ra2 45. Ke1 Ra1+ 46. Kd2 Ra3 47. Ke2 Ra2+ 48. Kf3 Ra3+ 49. Kf2 Ra2+ 50. Kg1 Rd2 51. Kf1 Ra2 52. Ke1 Ra1+ 53. Kd2 Ra3 54. Ke2 Ra2+ 55. Ke1 Ra1+ 56. Kf2 Ra2+ 57. Kg1 Re2 58. Rg3 Rd2 59. Rg4 1/2-1/2

[Event "Kiev Independence Cup-A 7th"]
[Site "Kiev"]
[Date "2007.08.20"]
[Round "8"]
[White "Shabala, Sergey"]
[Black "Malienko, Alexander"]
[Result "1-0"]
[WhiteElo "2255"]
[BlackElo "2240"]
[PlyCount "105"]
[EventDate "2007.08.13"]
[EventType "swiss"]
[EventRounds "11"]
[EventCountry "UKR"]
[SourceTitle "CBM 119 Extra"]
[Source "ChessBase"]
[SourceDate "2007.09.04"]
[SourceVersion "1"]
[SourceVersionDate "2007.09.04"]
[SourceQuality "1"]

1. e4 e5 2. Nf3 Nc6 3. Bb5 f5 4. Nc3 fxe4 5. Nxe4 Nf6 6. Nxf6+ Qxf6 7. 0-0 Be7 8. Qe2 0-0 9. Bxc6 Qxc6 10. Qxe5 Bf6 11. Qg3 Qxc2 12. d4 d6 13. Bg5 Qg6 14. Bxf6 Qxf6 15. Rac1 c6 16. d5 c5 17. Nd2 Bf5 18. Nc4 Rad8 19. a4 Qh6 20. Ne3 Be4 21. Rc3 Qh5 22. f3 Bg6 23. Rd1 Be8 24. Rc4 b5 25. Rh4 Qf7 26. Ng4 Qg6 27. axb5 Qc2 28. Re1 Bg6 29. Nf2 Qxb2 30. h3 Qxb5 31. Re6 c4 32. Ne4 Bxe4 33. Rhxe4 Qxd5 34. Re7 Rf7 35. Rxf7 Qxf7 36. Qh4 Rc8 37. Re7 Qg6 38. Qd4 Rc5 39. Rd7 Qf6 40. Qe4 h6 41. Rxa7 Qf5 42. Qe7 Qe5 43. Ra8+ Kh7 44. Qf8 Rd5 45. f4 Qe6 46. Re8 Rd1+ 47. Kh2 Qf6 48. Qg8+ Kg6 49. Re6 c3 50. Qe8+ Kf5 51. g4+ Kxf4 52. Rxf6+ gxf6 53. Qa4+ 1-0

[Event "Kiev Independence Cup-A 7th"]
[Site "Kiev"]
[Date "2007.08.19"]
[Round "7"]
[White "Golichenko, Ilja"]
[Black "Shabala, Sergey"]
[Result "1/2-1/2"]
[WhiteElo "2306"]
[BlackElo "2255"]
[PlyCount "79"]
[EventDate "2007.08.13"]
[EventType "swiss"]
[EventRounds "11"]
[EventCountry "UKR"]
[SourceTitle "CBM 119 Extra"]
[Source "ChessBase"]
[SourceDate "2007.09.04"]
[SourceVersion "1"]
[SourceVersionDate "2007.09.04"]
[SourceQuality "1"]

1. d4 d5 2. c4 c6 3. Nf3 Nf6 4. Nc3 a6 5. c5 g6 6. h3 Bg7 7. Bf4 Nbd7 8. e3 0-0 9. Bd3 Ne8 10. 0-0 Nc7 11. Qc2 Re8 12. Rad1 e5 13. Nxe5 Nxe5 14. Bxe5 Bxe5 15. dxe5 Rxe5 16. e4 Qf8 17. f4 Re8 18. b4 Qg7 19. exd5 Nxd5 20. Nxd5 cxd5 21. f5 Bd7 22. Rf4 Re5 23. Rdf1 Rae8 24. Qf2 Bxf5 25. Bxf5 gxf5 26. Rxf5 R8e7 27. Qh4 Qg6 28. Rxe5 Rxe5 29. Rf4 Rg5 30. Qxg5 Qxg5 31. Rg4 Qxg4 32. hxg4 Kg7 33. g5 Kg6 34. Kf2 Kxg5 35. Ke3 Kf5 36. Kd4 Ke6 37. a4 h5 38. b5 axb5 39. axb5 h4 40. c6 1/2-1/2

[Event "Kiev Independence Cup-A 7th"]
[Site "Kiev"]
[Date "2007.08.17"]
[Round "5"]
[White "Onoprienko, Vladimir"]
[Black "Shabala, Sergey"]
[Result "1-0"]
[WhiteElo "2342"]
[BlackElo "2255"]
[PlyCount "81"]
[EventDate "2007.08.13"]
[EventType "swiss"]
[EventRounds "11"]
[EventCountry "UKR"]
[SourceTitle "CBM 119 Extra"]
[Source "ChessBase"]
[SourceDate "2007.09.04"]
[SourceVersion "1"]
[SourceVersionDate "2007.09.04"]
[SourceQuality "1"]

1. e4 e6 2. d4 d5 3. e5 c5 4. c3 Qb6 5. Nf3 Bd7 6. a3 a5 7. Be2 Nc6 8. 0-0 a4 9. dxc5 Bxc5 10. c4 Nge7 11. Nc3 Nd4 12. Bd3 dxc4 13. Bxc4 Ng6 14. Nd2 Nxe5 15. Qh5 Nxc4 16. Nxc4 Qc7 17. Ne4 Nf5 18. Ne5 0-0-0 19. Nxc5 Qxc5 20. Bf4 Bc6 21. Rac1 Qd5 22. Nxc6 bxc6 23. Qe2 Kb7 24. Rc4 Nd4 25. Rb4+ Nb5 26. Rxa4 Qd3 27. Qe1 e5 28. Be3 Ra8 29. Rxa8 Rxa8 30. Qb4 Qd6 31. Bc5 Qd5 32. a4 Rxa4 33. Qxa4 Qxc5 34. Qg4 Qd5 35. Qxg7 Nd4 36. Ra1 Nc2 37. Rc1 Nd4 38. Qg4 f5 39. Qg7+ Kb6 40. Ra1 Nb5 41. Qxh7 1-0